[Event "Platja d'Aro op 8th"]
[Site "Platja d'Aro"]
[Date "2021.07.01"]
[Round "8"]
[White "Ros Alonso, Jaume"]
[Black "Jerez Perez, Alfonso"]
[Result "1/2-1/2"]
[WhiteElo "2175"]
[BlackElo "2367"]
[PlyCount "131"]
[EventDate "2021.06.25"]
[EventType "swiss"]
[EventRounds "9"]
[EventCountry "ESP"]
[SourceTitle "CBM 203 Extra"]
[Source "ChessBase"]
[SourceDate "2021.09.30"]
[SourceVersion "1"]
[SourceVersionDate "2021.09.30"]
[SourceQuality "1"]

1. e4 e5 2. Nf3 d6 3. d4 exd4 4. Nxd4 Nf6 5. Nc3 Be7 6. Be2 0-0 7. 0-0 Re8 8. f4 c5 9. Nf3 Nc6 10. Kh1 Bf8 11. e5 dxe5 12. Qxd8 Rxd8 13. fxe5 Ng4 14. Bf4 Be6 15. h3 Nh6 16. Bxh6 gxh6 17. Ne4 Be7 18. c3 Bd5 19. Nf6+ Bxf6 20. exf6 Re8 21. Rf2 Re3 22. Rd1 Rd8 23. a3 a6 24. Kh2 Kf8 25. Nh4 Be4 26. Rxd8+ Nxd8 27. Bg4 Nc6 28. Nf5 Re1 29. Rd2 h5 30. Rd7 hxg4 31. Nd6 Bd5 32. Nxb7 Re5 33. hxg4 c4 34. Nd6 h6 35. Kg3 Kg8 36. Kf4 Re6 37. Nf5 Re4+ 38. Kg3 Rxg4+ 39. Kxg4 Ne5+ 40. Kf4 Nxd7 41. Ne7+ Kh7 42. Nxd5 Kg6 43. Ne3 Kxf6 44. Nxc4 Nc5 45. Ne3 Nd3+ 46. Ke4 Nxb2 47. Kd5 h5 48. c4 Nd3 49. c5 Ke7 50. c6 Nf2 51. Kc5 Ne4+ 52. Kb6 Nd6 53. Kxa6 Kd8 54. Kb6 f5 55. Kc5 f4 56. Nd5 Ne4+ 57. Kd4 f3 58. gxf3 h4 59. Nf4 Ng5 60. Ke3 Kc7 61. Nd3 h3 62. Nf2 Kxc6 63. Kf4 Nxf3 64. Kxf3 Kb5 65. Kg3 h2 66. Kxh2 1/2-1/2

[Event "Platja d'Aro op 8th"]
[Site "Platja d'Aro"]
[Date "2021.06.30"]
[Round "7"]
[White "Ros Alonso, Jaume"]
[Black "Menac Comas, Joan Ramon"]
[Result "1-0"]
[WhiteElo "2175"]
[BlackElo "2054"]
[PlyCount "41"]
[EventDate "2021.06.25"]
[EventType "swiss"]
[EventRounds "9"]
[EventCountry "ESP"]
[SourceTitle "CBM 203 Extra"]
[Source "ChessBase"]
[SourceDate "2021.09.30"]
[SourceVersion "1"]
[SourceVersionDate "2021.09.30"]
[SourceQuality "1"]

1. e4 c5 2. Nf3 g6 3. d4 cxd4 4. Qxd4 Nf6 5. e5 Nc6 6. Qa4 Nd5 7. Qe4 Nc7 8. Nc3 Bg7 9. Bf4 b6 10. 0-0-0 Bb7 11. h4 Na5 12. Qe3 h5 13. Ng5 Qc8 14. Be2 Ne6 15. Rhe1 Nc4 16. Qg3 Qc5 17. Nxe6 dxe6 18. Qd3 Bd5 19. Nxd5 exd5 20. Qxd5 Rc8 21. Qd7+ 1-0

[Event "Barcelona Sant Andreu FM"]
[Site "Barcelona"]
[Date "2019.10.12"]
[Round "4"]
[White "Pinero Fernandez, Xavier"]
[Black "Ros Alonso, Jaume"]
[Result "0-1"]
[WhiteElo "2266"]
[BlackElo "2190"]
[PlyCount "86"]
[EventDate "2019.09.14"]
[EventType "tourn"]
[EventRounds "9"]
[EventCountry "ESP"]
[SourceTitle "CBM 195 Extra"]
[Source "ChessBase"]
[SourceDate "2020.05.31"]
[SourceVersion "1"]
[SourceVersionDate "2020.05.31"]
[SourceQuality "1"]

1. d4 Nf6 2. Nc3 d5 3. Bf4 g6 4. e3 Bg7 5. h4 h5 6. Nf3 c6 7. Qd2 Bf5 8. 0-0-0 0-0 9. Ne5 Nbd7 10. f3 Nxe5 11. Bxe5 Nd7 12. Bxg7 Kxg7 13. Be2 Nf6 14. Rdg1 Qd6 15. g4 hxg4 16. fxg4 Be4 17. g5 Bxh1 18. gxf6+ exf6 19. Rxh1 Rae8 20. Nd1 Rh8 21. Bf3 Qg3 22. Qg2 Qxg2 23. Bxg2 Rh6 24. Bf3 f5 25. Kd2 Reh8 26. h5 g5 27. Ke2 g4 28. Bg2 Rxh5 29. Rxh5 Rxh5 30. Kf2 Kg6 31. a4 Kg5 32. Kg3 Rh6 33. c3 Re6 34. b3 f4+ 35. exf4+ Kf5 36. Bf1 Re1 37. Bd3+ Ke6 38. f5+ Kf6 39. Nf2 Kg5 40. f6 Re3+ 41. Kg2 g3 42. Nh3+ Kxf6 43. Nf4 Kg5 0-1

[Event "Jesenik op"]
[Site "Jesenik"]
[Date "2019.08.22"]
[Round "6"]
[White "Bures, Jaroslav"]
[Black "Ros Alonso, Jaume"]
[Result "1-0"]
[WhiteElo "2389"]
[BlackElo "2189"]
[PlyCount "55"]
[EventDate "2019.08.17"]
[EventType "swiss"]
[EventRounds "9"]
[EventCountry "CZE"]
[SourceTitle "EXT 2020"]
[Source "ChessBase"]
[SourceDate "2019.10.17"]
[SourceVersion "1"]
[SourceVersionDate "2019.10.17"]
[SourceQuality "1"]

1. d4 Nf6 2. c4 g6 3. Nc3 d5 4. Qb3 dxc4 5. Qxc4 Bg7 6. e4 0-0 7. Be2 a6 8. Bf4 Nc6 9. Rd1 Nd7 10. Nf3 Nb6 11. Qc5 Bg4 12. d5 Nd7 13. Qe3 Nb4 14. Rd2 Bxf3 15. Bxf3 e5 16. dxe6 fxe6 17. 0-0 e5 18. Bg5 Qe8 19. a3 Nc6 20. Nd5 Rc8 21. Bg4 Rf7 22. Ne7+ Rxe7 23. Bxe7 Nd4 24. Rxd4 exd4 25. Qb3+ Kh8 26. Qxb7 h5 27. Bh3 d3 28. Rd1 1-0

[Event "Andorra op 37th"]
[Site "Escaldes"]
[Date "2019.08.04"]
[Round "9"]
[White "Roselli Mailhe, Bernardo"]
[Black "Ros Alonso, Jaume"]
[Result "1-0"]
[WhiteElo "2471"]
[BlackElo "2178"]
[PlyCount "83"]
[EventDate "2019.07.27"]
[EventType "swiss"]
[EventRounds "9"]
[EventCountry "AND"]
[SourceTitle "CBM 191 Extra"]
[Source "ChessBase"]
[SourceDate "2019.09.30"]
[SourceVersion "1"]
[SourceVersionDate "2019.09.30"]
[SourceQuality "1"]

1. d4 Nf6 2. Nf3 g6 3. Nc3 d5 4. Bf4 Bg7 5. Nb5 Na6 6. e3 0-0 7. Be2 Bf5 8. 0-0 c6 9. Nc3 Nc7 10. h3 Re8 11. Bd3 Bxd3 12. cxd3 Nd7 13. Qb3 b6 14. Rac1 e5 15. dxe5 Nxe5 16. Nxe5 Bxe5 17. Bxe5 Rxe5 18. d4 Re6 19. Ne2 Rc8 20. Qa4 Nb5 21. Rc2 a5 22. Re1 Qd7 23. Nf4 Re4 24. g3 Kg7 25. Qb3 Nd6 26. Qxb6 Nc4 27. Qc5 Rb8 28. b3 Rb5 29. Rxc4 Rxc5 30. Rxc5 g5 31. Nh5+ Kg6 32. g4 Re6 33. Ng3 Qe8 34. Nf5 Kf6 35. Rxa5 h5 36. Rc5 Qh8 37. Kg2 Qa8 38. a4 Qa6 39. Rc2 hxg4 40. hxg4 Qd3 41. Rcc1 Qxb3 42. Rh1 1-0

[Event "Andorra op 37th"]
[Site "Escaldes"]
[Date "2019.07.28"]
[Round "2"]
[White "Ros Alonso, Jaume"]
[Black "Admiraal, Miguoel"]
[Result "0-1"]
[WhiteElo "2178"]
[BlackElo "2504"]
[PlyCount "102"]
[EventDate "2019.07.27"]
[EventType "swiss"]
[EventRounds "9"]
[EventCountry "AND"]
[SourceTitle "CBM 191 Extra"]
[Source "ChessBase"]
[SourceDate "2019.09.30"]
[SourceVersion "1"]
[SourceVersionDate "2019.09.30"]
[SourceQuality "1"]

1. e4 c6 2. d4 d5 3. Nc3 dxe4 4. Nxe4 Nd7 5. Ng5 Ngf6 6. Bd3 Qc7 7. Ne2 e6 8. Bf4 Bd6 9. Bxd6 Qxd6 10. 0-0 0-0 11. c3 b6 12. h3 Bb7 13. Qc2 h6 14. Ne4 Qc7 15. Rad1 Rad8 16. Rfe1 Nd5 17. Qc1 c5 18. dxc5 Nxc5 19. Nxc5 Qxc5 20. Nd4 Nf6 21. Qe3 Rd5 22. b4 Qc8 23. c4 Rd7 24. Nf3 Qc6 25. Bf1 Rxd1 26. Rxd1 Qa4 27. Qb3 Qxb3 28. axb3 Bxf3 29. gxf3 Rc8 30. Kg2 Kf8 31. f4 Ke7 32. Kf3 a5 33. bxa5 bxa5 34. Ra1 Rc5 35. Ra4 Nd7 36. b4 axb4 37. Rxb4 Ra5 38. Bg2 Ra3+ 39. Ke4 g5 40. fxg5 hxg5 41. Kd4 Ra2 42. Ke3 Kd6 43. Be4 Ra3+ 44. Ke2 Rxh3 45. Rb5 Nc5 46. Bf3 f5 47. Bg2 Rc3 48. Rb4 Rc2+ 49. Ke3 f4+ 50. Kf3 Nd3 51. Rb6+ Ke7 0-1

[Event "Barbera del Valles op 42nd"]
[Site "Barbera del Valles"]
[Date "2019.07.11"]
[Round "8"]
[White "Ros Alonso, Jaume"]
[Black "Hernandez, Cristian Andres"]
[Result "0-1"]
[WhiteElo "2178"]
[BlackElo "2355"]
[PlyCount "104"]
[EventDate "2019.07.04"]
[EventType "swiss"]
[EventRounds "9"]
[EventCountry "ESP"]
[SourceTitle "CBM 191 Extra"]
[Source "ChessBase"]
[SourceDate "2019.09.30"]
[SourceVersion "1"]
[SourceVersionDate "2019.09.30"]
[SourceQuality "1"]

1. e4 c5 2. Nf3 d6 3. d4 cxd4 4. Nxd4 Nf6 5. Nc3 a6 6. Be3 e5 7. Nf3 Be7 8. Bc4 0-0 9. 0-0 Be6 10. Bb3 b5 11. Nd5 Bxd5 12. Bxd5 Nxd5 13. Qxd5 Nd7 14. Rfd1 Qc7 15. c3 h6 16. a4 Nf6 17. Qd3 Qc4 18. Qxc4 bxc4 19. Nd2 Rfc8 20. a5 Rab8 21. Bb6 Rc6 22. Ra4 Rbc8 23. f3 Nd7 24. Be3 Kf8 25. Kf2 h5 26. g3 g6 27. Rb1 f5 28. b3 cxb3 29. c4 f4 30. gxf4 exf4 31. Bxf4 Nc5 32. Ra3 Nd3+ 33. Ke3 Nxf4 34. Kxf4 d5 35. Raxb3 dxc4 36. Rc3 g5+ 37. Ke3 Bf6 38. Rc2 Be5 39. h3 c3 40. Nf1 Rc5 41. h4 Rb5 42. Rxb5 axb5 43. hxg5 b4 44. Nd2 Kg7 45. Nb3 Rf8 46. Nc5 h4 47. a6 Ra8 48. f4 Bd6 49. Kd4 h3 50. e5 Bxc5+ 51. Kxc5 b3 52. Rxc3 Rc8+ 0-1

[Event "Catalunya-ch"]
[Site "Vila Seca"]
[Date "2019.04.20"]
[Round "5"]
[White "Perez Mitjans, Orelvis"]
[Black "Ros Alonso, Jaume"]
[Result "1-0"]
[WhiteElo "2377"]
[BlackElo "2182"]
[PlyCount "57"]
[EventDate "2019.04.18"]
[EventType "swiss"]
[EventRounds "8"]
[EventCountry "ESP"]
[SourceTitle "CBM 189 Extra"]
[Source "ChessBase"]
[SourceDate "2019.06.03"]
[SourceVersion "1"]
[SourceVersionDate "2019.06.03"]
[SourceQuality "1"]

1. e4 c5 2. Nf3 e6 3. g3 Nc6 4. Bg2 Nf6 5. d3 Be7 6. 0-0 0-0 7. c3 e5 8. Na3 d5 9. Qe2 d4 10. c4 a6 11. Ne1 Rb8 12. f4 b5 13. f5 bxc4 14. Nxc4 Nd7 15. Nf3 a5 16. g4 h6 17. Qf2 Bg5 18. Bxg5 hxg5 19. h4 gxh4 20. g5 Ba6 21. b3 Bxc4 22. bxc4 Qe7 23. Bh3 Rb7 24. Qxh4 Rfb8 25. f6 Qd6 26. Bxd7 Rxd7 27. Rf2 Rdb7 28. Rh2 Rb1+ 29. Ne1 1-0

[Event "Barbera del Valles op 41st"]
[Site "Barbera del Valles"]
[Date "2018.07.12"]
[Round "9"]
[White "Bernat, Ernest"]
[Black "Ros Alonso, Jaume"]
[Result "1/2-1/2"]
[WhiteElo "1880"]
[BlackElo "2188"]
[PlyCount "99"]
[EventDate "2018.07.04"]
[EventType "swiss"]
[EventRounds "9"]
[EventCountry "ESP"]
[SourceTitle "CBM 185 Extra"]
[Source "ChessBase"]
[SourceDate "2018.07.29"]
[SourceVersion "1"]
[SourceVersionDate "2018.07.29"]
[SourceQuality "1"]

1. e4 c5 2. Nf3 e6 3. a3 a6 4. d4 cxd4 5. Nxd4 Nf6 6. Nc3 Qc7 7. Be2 Be7 8. Be3 0-0 9. 0-0 Nc6 10. f4 d6 11. Nb3 b5 12. Bf3 Bb7 13. Qe2 Rac8 14. Rad1 Nd7 15. Qf2 Na5 16. Nxa5 Qxa5 17. Qd2 Qc7 18. e5 d5 19. Bd4 Nb6 20. Bxb6 Qxb6+ 21. Kh1 Qc7 22. Be2 f5 23. Bf3 g5 24. fxg5 Qxe5 25. Rfe1 Qd6 26. Qe3 Rf7 27. Qxe6 Qxe6 28. Rxe6 Bxg5 29. Rb6 Kg7 30. Bxd5 Bxd5 31. Rxd5 Bc1 32. Rxa6 Re7 33. g3 Bxb2 34. Nxb5 Rxc2 35. Ra7 Rxa7 36. Nxa7 Bxa3 37. Rxf5 Kg6 38. Rd5 h6 39. Nb5 Be7 40. Nd6 Bxd6 41. Rxd6+ Kg5 42. Rd4 Ra2 43. Kg1 Rb2 44. Rf4 h5 45. Rf1 h4 46. Rf2 Rxf2 47. Kxf2 hxg3+ 48. hxg3 Kg4 49. Kg2 Kg5 50. g4 1/2-1/2

[Event "Barbera del Valles op 41st"]
[Site "Barbera del Valles"]
[Date "2018.07.11"]
[Round "8"]
[White "Ros Alonso, Jaume"]
[Black "Supriya, Joshi"]
[Result "0-1"]
[WhiteElo "2188"]
[BlackElo "1941"]
[PlyCount "92"]
[EventDate "2018.07.04"]
[EventType "swiss"]
[EventRounds "9"]
[EventCountry "ESP"]
[SourceTitle "CBM 185 Extra"]
[Source "ChessBase"]
[SourceDate "2018.07.29"]
[SourceVersion "1"]
[SourceVersionDate "2018.07.29"]
[SourceQuality "1"]

1. e4 c6 2. d4 d5 3. Nc3 dxe4 4. Nxe4 Bf5 5. Ng3 Bg6 6. h4 h6 7. Nf3 Nd7 8. h5 Bh7 9. Bd3 Bxd3 10. Qxd3 e6 11. Bd2 Ngf6 12. 0-0-0 Be7 13. Kb1 Qb6 14. Rhe1 Rd8 15. Ka1 c5 16. c3 0-0 17. Nf5 exf5 18. Rxe7 Ne4 19. Re1 Qf6 20. R1xe4 fxe4 21. Qxe4 cxd4 22. cxd4 Nb6 23. Qxb7 Nc4 24. Bc3 Qf4 25. Re1 Rfe8 26. Rd1 a5 27. Qa6 Qc7 28. Rc1 Ra8 29. Qb5 Reb8 30. Qf5 a4 31. d5 a3 32. b3 Nd6 33. Qf4 Rc8 34. Nd4 Ra5 35. Qe5 f6 36. Qe6+ Kh8 37. b4 Nb5 38. Nxb5 Rxb5 39. d6 Qc6 40. Qe7 Re5 41. b5 Qxb5 42. d7 Rxc3 43. d8Q+ Kh7 44. Rb1 Rc1 45. Qxg7+ Kxg7 46. Rxc1 Qb2# 0-1

[Event "Barbera del Valles op 41st"]
[Site "Barbera del Valles"]
[Date "2018.07.07"]
[Round "4"]
[White "Ros Alonso, Jaume"]
[Black "Fabregas Fontanet, Antonio"]
[Result "1-0"]
[WhiteElo "2188"]
[BlackElo "1991"]
[PlyCount "31"]
[EventDate "2018.07.04"]
[EventType "swiss"]
[EventRounds "9"]
[EventCountry "ESP"]
[SourceTitle "CBM 185 Extra"]
[Source "ChessBase"]
[SourceDate "2018.07.29"]
[SourceVersion "1"]
[SourceVersionDate "2018.07.29"]
[SourceQuality "1"]

1. e4 d6 2. d4 Nf6 3. Nc3 c6 4. f4 Qa5 5. Bd3 e5 6. Nf3 Bg4 7. Be3 Nbd7 8. 0-0 Be7 9. Qd2 Bxf3 10. gxf3 b5 11. a3 Qc7 12. Kh1 Nh5 13. fxe5 dxe5 14. d5 b4 15. dxc6 Nb6 16. Bxb6 1-0

[Event "Sant Boi Chalmeta Memorial"]
[Site "Sant Boi de Llobregat"]
[Date "2017.05.05"]
[Round "3"]
[White "Ros Alonso, Jaume"]
[Black "Quirhuayo Chumbe, German Gonzalo"]
[Result "0-1"]
[WhiteElo "2211"]
[BlackElo "2291"]
[PlyCount "52"]
[EventDate "2017.04.21"]
[EventType "tourn"]
[EventRounds "9"]
[EventCountry "ESP"]
[EventCategory "2"]
[SourceTitle "EXT 2018"]
[Source "ChessBase"]
[SourceDate "2017.10.13"]
[SourceVersion "1"]
[SourceVersionDate "2017.10.13"]
[SourceQuality "1"]

1. e4 c5 2. Nf3 d6 3. d4 cxd4 4. Nxd4 Nf6 5. Nc3 a6 6. Be3 Ng4 7. Bg5 h6 8. Bh4 g5 9. Bg3 Bg7 10. h3 Ne5 11. Nf5 Bxf5 12. exf5 Nbc6 13. Nd5 0-0 14. c3 e6 15. fxe6 fxe6 16. Ne3 d5 17. Qb3 Qa5 18. 0-0-0 b5 19. Kb1 b4 20. Bxe5 Bxe5 21. Nxd5 bxc3 22. Ne7+ Nxe7 23. Qxe6+ Kg7 24. Qxe7+ Rf7 25. Qe6 Rb8 26. Bc4 c2+ 0-1

[Event "Sant Boi IM"]
[Site "Sant Boi de Llobregat"]
[Date "2016.10.22"]
[Round "4.3"]
[White "Prats Alonso, Oscar"]
[Black "Ros Alonso, Jaume"]
[Result "0-1"]
[WhiteElo "1992"]
[BlackElo "1995"]
[PlyCount "76"]
[EventDate "2016.10.01"]
[EventType "tourn"]
[EventRounds "9"]
[EventCountry "ESP"]
[SourceTitle "EXT 2024"]
[Source "ChessBase"]
[SourceDate "2023.10.10"]
[SourceVersion "1"]
[SourceVersionDate "2023.10.10"]
[SourceQuality "1"]

1. Nc3 c5 2. e4 e6 3. Nf3 Nc6 4. Bb5 Nge7 5. 0-0 a6 6. Bxc6 Nxc6 7. d4 cxd4 8. Nxd4 Qc7 9. Be3 Be7 10. Qg4 0-0 11. Nxc6 bxc6 12. Bh6 Bf6 13. h4 Kh8 14. Bg5 Bxg5 15. hxg5 d5 16. Qe2 d4 17. Na4 e5 18. Rac1 a5 19. Qd2 c5 20. c3 Bd7 21. Qd1 Bxa4 22. Qxa4 Qb7 23. Qc2 Rfd8 24. f3 d3 25. Qd2 c4 26. Kf2 Qb6+ 27. Kg3 Rab8 28. Rb1 a4 29. Rh1 Qg6 30. Kf2 Kg8 31. g3 Rb5 32. Rhd1 Qb6+ 33. Kg2 a3 34. b4 cxb3 35. axb3 Rxb3 36. Qa2 Rxb1 37. Rxb1 Qxb1 38. Qxb1 d2 0-1